000 01526nam a2200469 a 4500
001 22435
003 SK-KTurca
005 20260328112944.0
008 240318s1996 xo r slo
015 _aSNBA1997/0300743
020 _a9788071183006
_q(viazané)
035 _aSNK000165575
035 _aurn:nbn:sk:snk-amkff6
035 _aurn:nbn:sk:snk-am003t6w
035 _aDCD43FF5-263F-4139-81E7-9133E112DEAD
040 _aSNK
_bslo
_cSNK
_eAACR2
041 0 _aslo
044 _axo
_cSK
072 7 _a929
_xBiografie
_2konspekt
080 _a929.731
_22011
080 _a929(092)
_22011
080 _a(0:82-96)
_22011
100 1 _aGrössing, Sigrid-Maria,
_d1939-
_4aut
240 1 0 _aShatten über Habsburg
_lSlovensky
245 1 0 _aTiene trónu habsburského
_cSigrid-Maria Grössingová ; [z nemeckého originálu preložila Elena Linzbothová]
260 _aBratislava
_bIkar
_c1996
300 _a199 s.
_c21 cm
500 _aÚdaj o preklade prevzatý z rubu titulnej strany
504 _aMenný register
600 3 7 _aHabsburg (rod)
_2SNKMA
650 0 7 _apanovnícke rody
_2SNKPH
650 0 7 _aKings and rulers
_2SNKPHeng
655 7 _abiografie
_2SNKPH
655 7 _aliteratúra faktu
_2SNKPH
655 7 _aBiography
_2SNKPHeng
655 7 _aNon fiction
_2SNKPHeng
700 1 _aLinzbothová, Elena,
_d1939-
_4trl
911 _aKN 1997/03
_b00743
942 _2ddc
_cKLDO
_n0
999 _c22435
_d22435